000 01279cam a2200361 a 4500
001 2961800
003 EG-ScBUE
005 20221208095256.0
008 911105t2020 stka f 000 0 eng d
020 _a9781526847553
020 _a1526847558
040 _aDLC
_beng
_erda
_cDLC
_dDLC
_dEG-ScBUE
082 0 4 _a428.24
_222
_bHAR
100 1 _aHartmann, Pamela,
_eauthor.
245 1 0 _aNew interactions.
_n1,
_pReading and writing /
_cPamela Hartmann, James Mentel.
246 3 0 _aReading and writing
264 1 _aGlasgow :
_bMcGraw-Hill Education,
_c[2020]
264 4 _cc2020
300 _aviii, 151 pages :
_billustrations ;
_c24 cm
336 _2rdacontent
_atext
_btxt
337 _2rdamedia
_aunmediated
_bn
338 _2rdacarrier
_avolume
_bnc
650 7 _aEnglish language
_xTextbooks for foreign speakers.
_2BUEsh
650 7 _aEnglish language
_xComposition and exercises.
_2BUEsh
650 7 _aReport writing.
_2BUEsh
650 7 _aReaders.
_2BUEsh
653 _bHHUUEENN
_cDecember2022
655 _vReading book
700 1 _aMentel, James,
_eauthor.
906 _a7
_bcbc
_corignew
_d1
_eocip
_f19
_gy-gencatlg
942 _2ddc
_cBB
999 _c30072
_d30043